Qué, cómo, cuándo. Programa de Toma de Decisión

Enregistré dans:
Détails bibliographiques
Auteurs principaux: Galve Manzano, José Luis (Auteur), García Pérez, E. Manuel (Auteur), Trallero Sanz, Manuel (Auteur)
Format: Livre
Langue:espagnol
Publié: Madrid ALBOR de Psicología 1993
Collection:Cuaderno del alumno
Sujets:
Tags: Ajouter un tag
Pas de tags, Soyez le premier à ajouter un tag!

MARC

LEADER 00000nam a2200000 a 4500
001 UCH6354
003 CL-VaPUC
008 091109e19930000SP |||||||||||||||||spa|d
020 |a 8478691316 
082 0 4 |a 370.78  |b GAL  |2 21 
100 |a Galve Manzano, José Luis  |e author  |9 556487 
700 |a García Pérez, E. Manuel  |e author  |9 544413 
700 0 |a Trallero Sanz, Manuel  |e author  |9 542781 
245 1 0 |a Qué, cómo, cuándo. Programa de Toma de Decisión 
300 |a 64 P 
942 |c BK 
945 |d 20091109 00:00:00  |a ccalabra 
260 |a Madrid  |b ALBOR de Psicología  |c 1993 
650 0 |a Planificación del currículo  |9 269599 
650 0 |a Recursos educacionales   |9 283370 
650 0 |a Relaciones interpersonales  |9 307056 
650 0 |a Liderazgo  |9 271835 
583 |a last modification  |c 20160928 12:25:49  |k Rodrigo Vera 
490 0 |a Cuaderno del alumno 
999 |c 337259  |d 337257